000
00210nam a22000857a 4500
008
161228b xxu||||| |||| 00| 0 eng d
100
_9
2207
_a
Vedam.C.J
245
_a
Computer Era Net-1
260
_a
New Delhi
_b
G.L
_c
2011
999
_c
5095
_d
5095